[Event "chess.com SpeedChess Q2Sw"]
[Site "chess.com INT"]
[Date "2022.11.12"]
[Round "12"]
[White "Hakobyan, Aram"]
[Black "Bluebaum, Matthias"]
[Result "1/2-1/2"]
[WhiteTitle "GM"]
[BlackTitle "GM"]
[WhiteElo "2613"]
[BlackElo "2651"]
[WhiteFideId "13306677"]
[BlackFideId "24651516"]
[EventDate "2022.11.12"]

1. Nf3 d5 2. b3 Bf5 3. Bb2 e6 4. g3 Nf6 5. Bg2 h6 6. d3 a5 7. a3 a4 8. b4 c5 9.
b5 Qa5+ 10. Nbd2 Qxb5 11. Bxf6 gxf6 12. e4 dxe4 13. Nh4 Bh7 14. Rb1 Qa6 15. O-O
Be7 16. Nxe4 Nc6 17. Nc3 O-O 18. Qh5 Kg7 19. Nb5 Rac8 20. f4 f5 21. Qe2 Rfd8 22.
Nf3 Bg6 23. h3 c4 24. d4 c3 25. Kh2 Bf6 26. Qe3 Ne7 27. Ne5 Nd5 28. Qf2 Qa5 29.
Rfe1 Bxe5 30. Rxe5 Rc6 31. g4 fxg4 32. hxg4 Rb6 33. Bf1 Nf6 34. Qe2 Rd5 35. f5
exf5 36. gxf5 Bxf5 37. Rxd5 Nxd5 38. Qg2+ Rg6 39. Qxd5 Bxc2 40. Rc1 Bb3 41. Qe5+
Kh7 42. Bd3 c2 43. Bxg6+ fxg6 44. Qe7+ Kg8 45. Rf1 Qd2+ 46. Kg1 c1=Q 47. Qf8+
Kh7 48. Qe7+ Kg8 49. Qe8+ Kh7 50. Qe7+ Kg8 1/2-1/2

[Event "chess.com SpeedChess Q2Sw"]
[Site "chess.com INT"]
[Date "2022.11.12"]
[Round "12"]
[White "Samadov, Read"]
[Black "Csonka, Balazs"]
[Result "0-1"]
[WhiteTitle "FM"]
[BlackTitle "IM"]
[WhiteElo "2450"]
[BlackElo "2497"]
[WhiteFideId "13417444"]
[BlackFideId "742910"]
[EventDate "2022.11.12"]

1. d4 Nf6 2. c4 g6 3. Nc3 d5 4. cxd5 Nxd5 5. e4 Nxc3 6. bxc3 Bg7 7. Bc4 c5 8.
Ne2 Nc6 9. Be3 O-O 10. O-O b6 11. Rc1 Bb7 12. Qd2 cxd4 13. cxd4 Qd6 14. Rfd1
Rac8 15. h4 Na5 16. Bd3 Rxc1 17. Rxc1 Rc8 18. Rxc8+ Bxc8 19. h5 e6 20. h6 Bf8
21. Qc3 Qc6 22. Qa1 Nc4 23. Bg5 b5 24. Nf4 Qd6 25. e5 Qc6 26. Qe1 Nb6 27. Be4
Qd7 28. Qe3 Bb7 29. g3 a5 30. Qf3 Bxe4 31. Qxe4 b4 32. Qd3 a4 33. Kh2 Nd5 34.
Ne2 Qb7 35. Nc1 Nc3 36. Qc4 Qf3 37. Nd3 Ne4 38. Be3 Qe2 39. Kg2 Nc3 40. Qa6 Nd1 0-1

[Event "chess.com SpeedChess Q2Sw"]
[Site "chess.com INT"]
[Date "2022.11.12"]
[Round "12"]
[White "Duda, Jan-Krzysztof"]
[Black "Naroditsky, Daniel"]
[Result "1-0"]
[WhiteTitle "GM"]
[BlackTitle "GM"]
[WhiteElo "2731"]
[BlackElo "2617"]
[WhiteFideId "1170546"]
[BlackFideId "2026961"]
[EventDate "2022.11.12"]

1. d4 Nf6 2. Bg5 Ne4 3. Bf4 Nc6 4. Nd2 Nxd2 5. Qxd2 d5 6. Nf3 a6 7. e3 Bf5 8. a3
e6 9. c4 dxc4 10. Bxc4 Bd6 11. Bg3 O-O 12. Rc1 Be4 13. Bd3 Bxf3 14. gxf3 e5 15.
dxe5 Nxe5 16. Be4 c6 17. Rd1 Bc7 18. Bxh7+ Kh8 19. Qxd8 Raxd8 20. Be4 g6 21. Ke2
Kg7 22. Bc2 c5 23. h4 Kf6 24. h5 Rxd1 25. Rxd1 gxh5 26. f4 Ng6 27. Rd7 Rc8 28.
Bb3 Nh8 29. Bh4+ Kg7 30. Bd5 Ba5 31. Bxb7 Rb8 32. f5 c4 33. Bg3 Re8 34. Bxa6 c3
35. b4 Bd8 36. Kd3 h4 37. Bh2 Bf6 38. a4 h3 39. Bc4 Be5 40. f4 Bf6 41. Bb3 Rg8
42. b5 Kh6 43. Bd5 Bh4 44. b6 Bg3 45. Bxg3 Rxg3 46. b7 Rg8 47. a5 h2 48. a6 Rg1
49. b8=Q 1-0

[Event "chess.com SpeedChess Q2Sw"]
[Site "chess.com INT"]
[Date "2022.11.12"]
[Round "12"]
[White "Postnikov, Daniil"]
[Black "Ankerst, Mihael"]
[Result "1-0"]
[WhiteTitle "FM"]
[BlackTitle "FM"]
[WhiteElo "2360"]
[BlackElo "2370"]
[WhiteFideId "4166329"]
[BlackFideId "14602369"]
[EventDate "2022.11.12"]

1. d4 Nf6 2. c4 g6 3. Nc3 Bg7 4. e4 d6 5. Nf3 O-O 6. Be2 Na6 7. O-O e5 8. d5 Nc5
9. Be3 Ncxe4 10. Nxe4 Nxe4 11. Nd2 Nxd2 12. Qxd2 f5 13. f3 Bd7 14. c5 Qe7 15.
Rac1 e4 16. f4 Rfd8 17. Qb4 b6 18. cxb6 cxb6 19. Rc7 Qf6 20. b3 Qb2 21. Rf2 Be8
22. Bf1 Qa1 23. Rfc2 Bf7 24. g3 Bxd5 25. Kg2 Bf7 26. Bb5 d5 27. Bf2 d4 28. Qe7
Rf8 29. Bc4 d3 30. Bxf7+ Kh8 31. Rd2 Rac8 32. Rxc8 Rxc8 33. Be6 Rf8 34. Be3 Qf6
35. Qxf6 Bxf6 36. Bc4 Bc3 37. Rd1 Rd8 38. Kf2 Kg7 39. Bd2 Bd4+ 40. Be3 Bc3 41.
a4 Kf8 42. h3 Ke7 43. g4 Kd6 44. gxf5 gxf5 45. Rg1 Ke7 46. h4 Kf6 47. h5 Rd7 48.
h6 1-0

[Event "chess.com SpeedChess Q2Sw"]
[Site "chess.com INT"]
[Date "2022.11.12"]
[Round "12"]
[White "Aghasiyev, Kamal"]
[Black "Kabanova, Ekaterina"]
[Result "1-0"]
[WhiteTitle "IM"]
[BlackTitle "WFM"]
[WhiteElo "2441"]
[BlackElo "2088"]
[WhiteFideId "13402854"]
[BlackFideId "24112917"]
[EventDate "2022.11.12"]

1. d4 c5 2. d5 e5 3. c4 a6 4. a4 d6 5. Nc3 Ne7 6. g3 Ng6 7. Bg2 Be7 8. e4 O-O 9.
Nge2 f5 10. exf5 Bxf5 11. O-O Bg5 12. Ne4 Bxe4 13. Bxe4 Nd7 14. Qb3 Rb8 15. Nc3
Bxc1 16. Raxc1 Qg5 17. Bxg6 Qxg6 18. Qc2 Rf5 19. Ne4 Rbf8 20. Qe2 h5 21. Rb1 h4
22. b4 b6 23. bxc5 Nxc5 24. Nxc5 Rxf2 25. Qd3 Rxf1+ 26. Rxf1 Rxf1+ 27. Kxf1 Qf6+
28. Kg2 bxc5 29. Qb1 a5 30. Qb8+ Kh7 31. Qc8 e4 32. Qg4 hxg3 33. Qxe4+ Qg6 34.
Qh4+ Kg8 35. hxg3 Qc2+ 36. Kh3 Qf5+ 37. Kh2 Qf2+ 38. Kh3 Qf5+ 39. Qg4 Qh7+ 40.
Kg2 Qc2+ 41. Kg1 Qxa4 42. Qe6+ Kh7 43. Qf5+ Kg8 44. Qe6+ Kh7 45. Qe4+ Kh6 46.
Qh4+ Kg6 47. Qg4+ Kf6 48. Qe6+ Kg5 49. Qe7+ Kg4 50. Qxg7+ Kf3 51. Qf6+ Ke3 52.
Qxd6 Qxc4 53. Qe5+ Qe4 54. Qc3+ Qd3 55. Qxc5+ Ke4 56. d6 Qd1+ 57. Kh2 Qh5+ 58.
Qxh5 1-0

[Event "chess.com SpeedChess Q2Sw"]
[Site "chess.com INT"]
[Date "2022.11.12"]
[Round "12"]
[White "Durarbayli, Vasif"]
[Black "Danielyan, Vahe"]
[Result "0-1"]
[WhiteTitle "GM"]
[BlackTitle "IM"]
[WhiteElo "2612"]
[BlackElo "2307"]
[WhiteFideId "13402935"]
[BlackFideId "13304828"]
[EventDate "2022.11.12"]

1. e4 e5 2. Nf3 Nc6 3. Bb5 a6 4. Ba4 Nf6 5. O-O Be7 6. Re1 b5 7. Bb3 O-O 8. a4
b4 9. d4 d6 10. dxe5 dxe5 11. Qe2 Bg4 12. c3 bxc3 13. bxc3 Bc5 14. Nbd2 Qe7 15.
h3 Bh5 16. Nc4 Rab8 17. Bc2 h6 18. Be3 Rfe8 19. Red1 Bg6 20. Nfd2 Nh5 21. Kh2
Nd4 22. cxd4 exd4 23. Bxh6 gxh6 24. Qg4 Qf6 25. Nf3 Rbd8 26. e5 Qf4+ 27. Qxf4
Nxf4 28. Bxg6 Nxg6 29. Rac1 Rd5 30. Ne3 Rdxe5 31. Nxe5 Rxe5 32. Ng4 Rg5 33. g3
Kg7 34. f4 Rf5 35. Nf2 Bb6 36. Nd3 Ra5 37. Rc4 Ne7 38. Re1 Nf5 39. Re8 Ne3 40.
Rb4 Nd5 41. Rc4 Ne3 42. Rc6 Rxa4 43. g4 Ra2+ 44. Kg3 Ra3 45. Ne5 d3 46. f5 d2
47. f6+ Kh7 48. Rf8 Nf1+ 49. Kf4 Be3+ 50. Ke4 Ng3+ 51. Kf3 d1=Q+ 52. Kxg3 Bg5+ 0-1

[Event "chess.com SpeedChess Q2Sw"]
[Site "chess.com INT"]
[Date "2022.11.12"]
[Round "12"]
[White "Matveeva, Olga"]
[Black "Begunov, Konstantin"]
[Result "0-1"]
[WhiteTitle "WIM"]
[BlackTitle "FM"]
[WhiteElo "2111"]
[BlackElo "2325"]
[WhiteFideId "24107018"]
[BlackFideId "4118510"]
[EventDate "2022.11.12"]

1. d4 d5 2. c4 c6 3. Nf3 Nf6 4. e3 a6 5. Nbd2 Bf5 6. Be2 e6 7. O-O Bd6 8. b3
Nbd7 9. Bb2 h6 10. Ne5 Qe7 11. Rc1 O-O 12. Ndf3 Ne4 13. Nxd7 Qxd7 14. Ne5 Qe7
15. f3 Nf6 16. Qe1 Rfd8 17. g4 Bh7 18. Qh4 dxc4 19. Bxc4 c5 20. Rfd1 cxd4 21.
Bxd4 Ba3 22. Ra1 Rac8 23. Qf2 b5 24. Bd3 Bxd3 25. Rxd3 Nd5 26. Rad1 Bb4 27. Bb2
Ba5 28. Kg2 Kh7 29. Qe2 f6 30. Rxd5 Rxd5 31. Rxd5 fxe5 32. Qd3+ Kh8 33. Rd7 Qf6
34. Qe4 Rc5 35. Rb7 Rd5 36. Rb8+ Rd8 37. Rxd8+ Bxd8 38. Bxe5 Qf7 39. Qd3 Bf6 40.
Bxf6 Qxf6 41. Qd4 Qg6 42. Kg3 Qc2 0-1

[Event "chess.com SpeedChess Q2Sw"]
[Site "chess.com INT"]
[Date "2022.11.12"]
[Round "12"]
[White "Lakshmi, C"]
[Black "Larina, Maria"]
[Result "1-0"]
[WhiteTitle "WFM"]
[BlackTitle "WFM"]
[WhiteElo "1956"]
[BlackElo "1948"]
[WhiteFideId "25035347"]
[BlackFideId "24113182"]
[EventDate "2022.11.12"]

1. e4 c6 2. Nc3 d5 3. Nf3 Bg4 4. h3 Bxf3 5. Qxf3 e6 6. d4 dxe4 7. Qxe4 Nf6 8.
Qd3 Na6 9. a3 Be7 10. Be2 O-O 11. O-O Nc7 12. Ne4 Nxe4 13. Qxe4 Qd5 14. Qd3 Bf6
15. Rd1 Rfd8 16. c4 Qd7 17. Be3 g6 18. Qe4 Ne8 19. Qf3 Bg7 20. Rd3 Nf6 21. Rad1
h6 22. Bxh6 Bxh6 23. Qxf6 Bg7 24. Qh4 Qc7 25. Bf3 Rd7 26. d5 cxd5 27. cxd5 e5
28. d6 Qb6 29. Bd5 Rad8 30. Rb3 Qa6 31. Bc4 Qc6 32. Bb5 Qc2 33. Rbd3 Qxb2 34.
Bxd7 Rxd7 35. Qa4 Rd8 36. d7 a6 37. Qa5 Bf6 38. Rc3 Qe2 39. Rcc1 e4 40. Rd2 Qh5
41. Qxh5 gxh5 42. Rc8 Kf8 43. Rd6 Be7 44. Rb6 f5 45. Rxb7 Bf6 46. Rb6 Ke7 47.
Rxd8 Kxd8 48. Rxf6 Kxd7 49. Rxf5 1-0

[Event "chess.com SpeedChess Q2Sw"]
[Site "chess.com INT"]
[Date "2022.11.12"]
[Round "12"]
[White "Salman, Pavel"]
[Black "Vaibhav, Jayant Raut"]
[Result "1-0"]
[WhiteTitle "FM"]
[BlackTitle "CM"]
[WhiteElo "2287"]
[BlackElo "2247"]
[WhiteFideId "24153753"]
[BlackFideId "5089034"]
[EventDate "2022.11.12"]

1. Nf3 Nf6 2. g3 g6 3. Bg2 Bg7 4. O-O O-O 5. d3 d6 6. Nbd2 Nbd7 7. e4 e5 8. Re1
c6 9. c3 Re8 10. a4 a5 11. Nc4 Qc7 12. h3 d5 13. exd5 cxd5 14. Na3 b6 15. Nb5
Qb8 16. d4 Bb7 17. dxe5 Nxe5 18. Bf4 Nxf3+ 19. Qxf3 Rxe1+ 20. Rxe1 Qd8 21. Bc7
Qd7 22. Bxb6 Bc6 23. Bd4 Ne4 24. Bxg7 Kxg7 25. Qd3 Kg8 26. Bxe4 dxe4 27. Qxd7
Bxd7 28. Rxe4 Bxh3 29. Nc7 Ra7 30. Nd5 Rb7 31. b4 Bf5 32. Ne7+ Kg7 33. Nxf5+
gxf5 34. Rf4 Kg6 35. b5 Kf6 36. Rc4 Ke5 37. Rc6 Ke4 38. Kg2 h5 39. c4 h4 40.
gxh4 f4 41. c5 f3+ 42. Kg3 f5 43. h5 Rg7+ 44. Rg6 Rh7 45. h6 Ke5 46. Kxf3 Rd7
47. Rd6 Rh7 48. b6 f4 49. Rg6 Rd7 50. Rg5+ Kf6 51. Rg7 Rd3+ 52. Kg4 f3 53. b7
Rd4+ 54. Kxf3 Rd3+ 55. Kg2 Rd8 56. c6 Rh8 57. c7 Re8 58. c8=Q Re1 59. Qf8+ Ke6
60. Re7+ Kd6 61. Qd8+ Kc6 62. Rc7+ Kb6 63. b8=Q+ Ka6 64. Qd6# 1-0

[Event "chess.com SpeedChess Q2Sw"]
[Site "chess.com INT"]
[Date "2022.11.12"]
[Round "12"]
[White "Walentukiewicz, Michal"]
[Black "Kleiman, Jake"]
[Result "1-0"]
[WhiteTitle "CM"]
[BlackTitle "IM"]
[WhiteElo "2088"]
[BlackElo "2399"]
[WhiteFideId "1126903"]
[BlackFideId "2020041"]
[EventDate "2022.11.12"]

1. g3 d5 2. Bg2 e6 3. c4 Nf6 4. cxd5 exd5 5. Nf3 Be7 6. O-O O-O 7. d3 c6 8. Nc3
a5 9. e4 Bg4 10. e5 Nfd7 11. d4 Na6 12. h3 Be6 13. Ne1 f6 14. f4 fxe5 15. dxe5
g5 16. Ne2 Nb6 17. Kh2 c5 18. g4 Qc7 19. Kh1 gxf4 20. Nxf4 Qxe5 21. Nf3 Qd6 22.
Nxe6 Qxe6 23. Re1 Qd6 24. Be3 Bf6 25. Bg1 Rae8 26. Bh2 Qd8 27. Qb3 a4 28. Qb5 a3
29. g5 axb2 30. Rad1 Bg7 31. Ne5 Bxe5 32. Bxe5 Qxg5 33. Qxb2 Nc4 34. Qxb7 Nxe5
35. Bxd5+ Kh8 36. Qxa6 Rf2 37. Rg1 Qf4 38. Rg2 Rf8 39. Rdg1 Rxg2 40. Bxg2 Ng6
41. Rf1 Qb8 42. Rxf8+ Qxf8 43. Qc4 Qf2 44. a4 Nf4 45. Qe4 Ne2 46. Qe5+ Kg8 47.
Bd5+ Kf8 48. Qd6+ Kg7 49. Qe5+ Kg6 50. Qe6+ Kg5 51. Qg4+ Kf6 52. Qe6+ Kg5 53.
Qg4+ Kh6 54. Qe6+ Kh5 55. Qg4+ Kh6 56. Qe6+ Kg7 57. Qg8+ Kh6 58. Qg2 Qe1+ 59.
Kh2 Nf4 60. Qf3 Qe5 61. Kh1 Nxd5 62. a5 c4 63. a6 c3 64. a7 Nc7 65. Qd3 Qc5 66.
Qe4 1-0

[Event "chess.com SpeedChess Q2Sw"]
[Site "chess.com INT"]
[Date "2022.11.12"]
[Round "12"]
[White "Bortnyk, Olexandr"]
[Black "Drygalov, Sergey"]
[Result "1-0"]
[WhiteTitle "GM"]
[BlackTitle "GM"]
[WhiteElo "2604"]
[BlackElo "2547"]
[WhiteFideId "14120828"]
[BlackFideId "24171743"]
[EventDate "2022.11.12"]

1. e4 c5 2. c3 Nf6 3. e5 Nd5 4. Nf3 e6 5. d4 cxd4 6. cxd4 Nc6 7. Bc4 d6 8. O-O
Be7 9. Qe2 O-O 10. Rd1 Na5 11. Bxd5 exd5 12. Nc3 Be6 13. Bf4 Rc8 14. exd6 Bxd6
15. Bxd6 Qxd6 16. Ne5 Rfe8 17. Qf3 Nc4 18. Nxc4 Rxc4 19. Rd2 Rec8 20. Re1 Qb6
21. Qf4 Rb4 22. h4 h6 23. a3 Rbc4 24. Re5 f6 25. Re3 Bf7 26. Re7 R8c7 27. Re3
Rc8 28. Qf5 Rd8 29. Qg4 h5 30. Qf4 Qc7 31. Qf5 Qc8 32. Qf3 a6 33. Re7 Re8 34.
Rxe8+ Qxe8 35. Kf1 Qc6 36. Qe3 b5 37. g3 a5 38. Kg2 Bg6 39. Kh2 b4 40. axb4 axb4
41. Ne2 Rc2 42. Nf4 Bf7 43. b3 Rc3 44. Rd3 Rxd3 45. Qxd3 g5 46. hxg5 fxg5 47.
Nh3 Qc3 48. Qf5 Qxd4 49. Nxg5 Be8 50. Qh7+ 1-0

[Event "chess.com SpeedChess Q2Sw"]
[Site "chess.com INT"]
[Date "2022.11.12"]
[Round "12"]
[White "Sanchez, Robert"]
[Black "Grot, Blazej"]
[Result "1-0"]
[BlackTitle "CM"]
[WhiteElo "1971"]
[BlackElo "1839"]
[WhiteFideId "2034360"]
[BlackFideId "21835845"]
[EventDate "2022.11.12"]

1. e4 c5 2. Nf3 e6 3. d4 cxd4 4. Nxd4 Nc6 5. Nc3 Qc7 6. g3 a6 7. Bg2 Nf6 8. O-O
Nxd4 9. Qxd4 Bc5 10. Qd3 Be7 11. Bf4 d6 12. Rad1 e5 13. Bg5 Be6 14. Bxf6 gxf6
15. Nd5 Bxd5 16. Qxd5 h5 17. h4 Rb8 18. c4 Rg8 19. b4 b6 20. a4 Rc8 21. Bh3 Rb8
22. Bf5 Kf8 23. Qd3 a5 24. bxa5 bxa5 25. Rb1 Kg7 26. Rb5 Rxb5 27. axb5 Qb6 28.
Ra1 Bd8 29. Qd5 Kf8 30. Kg2 Bc7 31. Rc1 Qc5 32. Qxc5 dxc5 33. Rd1 Kg7 34. Rd7
Bd8 35. Ra7 Rf8 36. Ra6 Re8 37. b6 a4 38. b7 Bc7 39. Rxa4 Rb8 40. Bc8 Bd6 41.
Ra6 Be7 42. Kf3 Kg6 43. Ke3 Kg7 44. f4 Bf8 45. Kf3 Be7 46. g4 hxg4+ 47. Kxg4 Bd8
48. fxe5 fxe5 49. h5 f6 50. Kf5 Be7 51. Re6 Bd8 52. Re8 Ba5 53. Re7+ Kf8 54. Ke6
Bb6 55. h6 Bd8 56. h7 Bxe7 57. h8=Q# 1-0

[Event "chess.com SpeedChess Q2Sw"]
[Site "chess.com INT"]
[Date "2022.11.12"]
[Round "12"]
[White "Firat, Burak"]
[Black "Urazayev, Arystanbek"]
[Result "1-0"]
[WhiteTitle "GM"]
[BlackTitle "IM"]
[WhiteElo "2460"]
[BlackElo "2458"]
[WhiteFideId "6305881"]
[BlackFideId "13709810"]
[EventDate "2022.11.12"]

1. e4 c6 2. d4 d5 3. Nc3 dxe4 4. Nxe4 Bf5 5. Ng3 Bg6 6. h4 h6 7. Nf3 e6 8. Ne5
Bh7 9. Bd3 Bxd3 10. Qxd3 Nf6 11. Bd2 Nbd7 12. Qe2 c5 13. O-O-O cxd4 14. Nf5 Nxe5
15. Qxe5 Qd5 16. Qxd5 Nxd5 17. Nxd4 Bc5 18. c4 Bxd4 19. cxd5 Bxf2 20. Bb4 O-O-O
21. Rhf1 Bxh4 22. Rxf7 Rxd5 23. Rxd5 exd5 24. Bd6 Bd8 25. Rxg7 Re8 26. Kd2 Re6
27. Bf4 h5 28. Rf7 h4 29. Rg7 Re4 30. Bh2 a5 31. Kd3 a4 32. Bd6 Re6 33. Bf4 Rb6
34. Be5 Re6 35. Kd4 a3 36. bxa3 Ra6 37. Kxd5 Rxa3 38. Rg8 Rxa2 39. Bf6 Rd2+ 40.
Ke6 Kc7 41. Bxd8+ Rxd8 42. Rg4 Rh8 43. Kd5 Kb6 44. Kc4 Ka5 45. Rg5+ Ka4 46. Rg4
b5+ 47. Kc5+ Ka5 48. Rg7 Rc8+ 49. Kd4 Kb4 50. Kd3 Rc4 51. Kd2 Rf4 52. g3 1-0

[Event "chess.com SpeedChess Q2Sw"]
[Site "chess.com INT"]
[Date "2022.11.12"]
[Round "12"]
[White "Talibov, Shiroghlan"]
[Black "Eljanov, Pavel"]
[Result "1/2-1/2"]
[WhiteTitle "FM"]
[BlackTitle "GM"]
[WhiteElo "2316"]
[BlackElo "2706"]
[WhiteFideId "13429078"]
[BlackFideId "14102951"]
[EventDate "2022.11.12"]

1. e4 e5 2. Nf3 Nc6 3. Bb5 Bc5 4. O-O d6 5. c3 a6 6. Ba4 Bd7 7. d4 Ba7 8. Re1
Nge7 9. Bg5 f6 10. Bh4 O-O 11. d5 Nb8 12. Bc2 Ng6 13. Bg3 f5 14. exf5 Bxf5 15.
Bxf5 Rxf5 16. Nbd2 Nd7 17. Ne4 h6 18. Qd3 Qf8 19. Re2 Qf7 20. Nfd2 Rf8 21. Kh1
h5 22. h3 h4 23. Bh2 Bxf2 24. Nxf2 Rxf2 25. Rxf2 Qxf2 26. Qxg6 Qxd2 27. Qe6+ Rf7
28. Rf1 Nf6 29. Qc8+ Kh7 30. Qxb7 Qe2 31. Kg1 Qe3+ 32. Kh1 Qe2 33. Kg1 Kg6 34.
Qc8 Qe3+ 35. Kh1 Qd3 36. Kg1 Qxd5 37. Qxa6 Qc5+ 38. Kh1 Ne4 39. Rxf7 Kxf7 40.
Bg1 Qd5 41. Qf1+ Ke6 42. Kh2 Qxa2 43. Qe2 Nf6 44. Bf2 g5 45. Be3 Kf5 46. Qd2 Ne4
47. Qe2 Qb1 48. Qg4+ Kf6 49. Qd7 Ng3 50. Qd8+ Ke6 51. Qg8+ Kd7 52. Qf7+ Kc8 53.
Qe8+ Kb7 54. Qb5+ Kc8 55. Qe8+ Kb7 56. Qb5+ Kc8 57. Qe8+ 1/2-1/2

[Event "chess.com SpeedChess Q2Sw"]
[Site "chess.com INT"]
[Date "2022.11.12"]
[Round "12"]
[White "Jobava, Baadur"]
[Black "Zhu, Jiner"]
[Result "1-0"]
[WhiteTitle "GM"]
[BlackTitle "WGM"]
[WhiteElo "2578"]
[BlackElo "2486"]
[WhiteFideId "13601520"]
[BlackFideId "8608059"]
[EventDate "2022.11.12"]

1. b3 Nf6 2. Bb2 e6 3. g3 d5 4. Bg2 Be7 5. Nf3 c5 6. c4 d4 7. e3 Nc6 8. exd4
cxd4 9. O-O O-O 10. Re1 Bc5 11. a3 a5 12. d3 Re8 13. Nbd2 e5 14. Qc2 h6 15. Re2
Bf5 16. Rae1 Qd6 17. Nh4 Bh7 18. Ne4 Nxe4 19. Bxe4 Bxe4 20. Rxe4 g6 21. Qc1 Kh7
22. Nf3 f5 23. Rh4 Qf8 24. g4 Be7 25. g5 h5 26. Nxe5 Bxg5 27. Qxg5 Nxe5 28. Kg2
Nf3 29. Rxh5+ gxh5 30. Qxh5+ Kg8 31. Rxe8 Qxe8 32. Qxf3 Qc6 33. Kg3 Qg6+ 34. Kh3
Qh6+ 35. Kg2 Qc6 36. b4 axb4 37. axb4 Kf7 38. Qxc6 bxc6 39. Kf3 Ra4 40. Bxd4
Rxb4 41. Be3 Rb3 42. d4 Ke6 43. h4 Kf6 44. h5 Rc3 45. c5 Rc2 46. h6 Kg6 47. Kf4
Kxh6 48. Kxf5+ Kg7 49. Ke6 Ra2 50. Kd7 Ra6 51. Kc7 Kf7 52. Kb7 Ra4 53. Kxc6 Ra2
54. d5 Ke7 55. Bg5+ Ke8 56. f4 Rf2 57. d6 Rd2 58. Kc7 Rd5 59. c6 1-0

[Event "chess.com SpeedChess Q2Sw"]
[Site "chess.com INT"]
[Date "2022.11.12"]
[Round "12"]
[White "Fernandez Guillen, Ernesto J."]
[Black "Ristic, Nebojsa M"]
[Result "1-0"]
[WhiteTitle "IM"]
[BlackTitle "IM"]
[WhiteElo "2462"]
[BlackElo "2335"]
[WhiteFideId "3512428"]
[BlackFideId "900850"]
[EventDate "2022.11.12"]

1. e4 Nc6 2. d4 d6 3. Nc3 Nf6 4. Nf3 g6 5. h3 Bg7 6. Be3 O-O 7. Qd2 a6 8. O-O-O
b5 9. d5 Na5 10. Bd3 c5 11. e5 dxe5 12. Bxc5 Bb7 13. Be2 Rc8 14. b4 Rxc5 15.
bxc5 b4 16. Na4 Nxd5 17. Nb6 e6 18. a3 e4 19. Nd4 Nc3 20. axb4 Nxd1 21. Rxd1 e5
22. Nb3 Nxb3+ 23. cxb3 Qe7 24. Kb1 e3 25. fxe3 Bxg2 26. Bc4 Bf3 27. Rf1 e4 28.
Qd6 Qg5 29. Qd2 Rd8 30. Nd5 Qe5 31. Qa2 Bg2 32. Rd1 Bf3 33. Rd2 Re8 34. c6 Rc8
35. c7 Qg3 36. Qxa6 Qg1+ 37. Kc2 Bd1+ 38. Rxd1 Qf2+ 39. Rd2 Qe1 40. Qxc8+ Bf8
41. Qxf8+ Kxf8 42. c8=Q+ Kg7 43. Qc7 Qa1 44. Qe7 Qa2+ 45. Kd1 Qb1+ 46. Ke2 Qh1
47. Qf6+ Kh6 48. Qh4+ Kg7 49. Nf4 Qh2+ 50. Qf2 Qh1 51. Rd7 Qc1 52. Rxf7+ Kh8 53.
Rf8+ Kg7 54. Rf7+ Kh8 55. Nxg6+ Kg8 56. Rc7+ Qxc4+ 57. bxc4 hxg6 58. Qf7+ 1-0

[Event "chess.com SpeedChess Q2Sw"]
[Site "chess.com INT"]
[Date "2022.11.12"]
[Round "12"]
[White "Grycel, Kamil"]
[Black "Baches Garcia, Guillermo"]
[Result "1-0"]
[WhiteTitle "FM"]
[BlackTitle "IM"]
[WhiteElo "2315"]
[BlackElo "2326"]
[WhiteFideId "1115499"]
[BlackFideId "2209764"]
[EventDate "2022.11.12"]

1. b3 d5 2. Bb2 Bf5 3. Nf3 e6 4. g3 Nf6 5. Bg2 Be7 6. c4 c6 7. d3 h6 8. Nbd2 Bh7
9. O-O O-O 10. Qc2 Nbd7 11. a3 a5 12. Bc3 Rc8 13. Qb2 b5 14. cxb5 cxb5 15. Rfc1
Qb6 16. Bd4 Qb7 17. Ne5 Nxe5 18. Bxe5 Rxc1+ 19. Rxc1 Rc8 20. Nf3 b4 21. a4 Ne8
22. Qd2 Bd6 23. Bb2 Kf8 24. Nd4 Be7 25. Nb5 Nd6 26. Nd4 Nf5 27. Nf3 Nd6 28. h3
Bg6 29. Ne5 Bh7 30. Kh2 Bg5 31. f4 Bf6 32. Bd4 Be7 33. Rc2 f6 34. Nf3 Nf5 35.
Bf2 Nd6 36. Nd4 Kf7 37. Qc1 Rxc2 38. Qxc2 Nf5 39. Qc6 Nd6 40. Qxb7 Nxb7 41. Nc6
Bd6 42. Bb6 Ke8 43. Nxa5 Nxa5 44. Bxa5 Kd7 45. Kg1 Kc6 46. Kf2 e5 47. fxe5 fxe5
48. Bd8 e4 49. Ke3 Bc5+ 50. d4 Bd6 51. g4 g5 52. Kd2 Bg8 53. e3 Be6 54. Bf1 Bc8
55. Bb5+ Kb7 56. Bf6 Bf8 57. Ke2 Be6 58. Kf2 Kb6 59. Be5 Kb7 60. Kg3 Be7 61. Bg7
Bd6+ 62. Kg2 1-0

[Event "chess.com SpeedChess Q2Sw"]
[Site "chess.com INT"]
[Date "2022.11.12"]
[Round "12"]
[White "Andreev, Eduard UKR"]
[Black "Azarov, Sergei"]
[Result "0-1"]
[WhiteTitle "GM"]
[BlackTitle "GM"]
[WhiteElo "2413"]
[BlackElo "2562"]
[WhiteFideId "14103400"]
[BlackFideId "13501470"]
[EventDate "2022.11.12"]

1. e4 e5 2. Nf3 Nc6 3. d4 exd4 4. Nxd4 Bc5 5. Nb3 Bb6 6. Qe2 d6 7. Nc3 Nf6 8.
Be3 O-O 9. O-O-O Re8 10. f3 Be6 11. g4 Nd7 12. h4 a5 13. a4 Bxe3+ 14. Qxe3 b6
15. g5 Nc5 16. Nxc5 bxc5 17. Bb5 Bd7 18. Bxc6 Bxc6 19. h5 Qe7 20. Nd5 Bxd5 21.
Rxd5 Rab8 22. h6 Rb4 23. Qc3 Qf8 24. b3 g6 25. Re1 f6 26. Qxf6 Qxf6 27. gxf6 Kf7
28. e5 Rf4 29. Kd2 Rxe5 30. Rexe5 dxe5 31. Rxe5 Rxf3 32. Re7+ Kxf6 33. Rxh7 Rh3
34. Rxc7 Rxh6 35. Rxc5 Rh2+ 36. Kc3 g5 37. Rxa5 g4 38. Ra6+ Kf5 39. Ra8 Rh5 40.
Rf8+ Ke4 41. Rf1 g3 42. b4 g2 43. Ra1 Rh1 44. Rxh1 gxh1=Q 45. Kc4 Qf1+ 46. Kc5
Qa1 47. c4 Qxa4 48. b5 Ke5 49. b6 Ke6 50. b7 Qa7+ 51. Kc6 Qb8 52. Kb6 Ke7 53. c5
Kd7 54. c6+ Kd6 55. Kb5 Qc7 56. Ka6 Kxc6 57. b8=Q Qxb8 58. Ka5 Qb5# 0-1

[Event "chess.com SpeedChess Q2Sw"]
[Site "chess.com INT"]
[Date "2022.11.12"]
[Round "12"]
[White "Dubov, Daniil"]
[Black "Artemiev, Vladislav"]
[Result "0-1"]
[WhiteTitle "GM"]
[BlackTitle "GM"]
[WhiteElo "2708"]
[BlackElo "2701"]
[WhiteFideId "24126055"]
[BlackFideId "24101605"]
[EventDate "2022.11.12"]

1. d4 d5 2. c4 e6 3. Nf3 Nf6 4. g3 Be7 5. Bg2 O-O 6. O-O c6 7. Qc2 b6 8. b3 Bb7
9. Rd1 Nbd7 10. Bf4 c5 11. Nc3 dxc4 12. bxc4 cxd4 13. Rxd4 Bc5 14. Rd2 Qe7 15.
Rad1 Rfd8 16. Ng5 Bxg2 17. Kxg2 h6 18. Nge4 Bb4 19. Rd3 Bxc3 20. Nxc3 Nc5 21.
R3d2 Rxd2 22. Qxd2 Rc8 23. f3 a6 24. Qd6 Qb7 25. Qd4 Ncd7 26. Ne4 Nxe4 27. Qxd7
Qxd7 28. Rxd7 Nc3 29. Rc7 Rd8 30. Be3 b5 31. cxb5 Nd5 32. b6 Nxe3+ 33. Kf2 Nd5
34. Rb7 Rd6 35. Rb8+ Kh7 36. b7 Rb6 37. a4 a5 38. e4 Nf6 39. Ke3 Nd7 40. Ra8
Rxb7 41. Rxa5 Rb3+ 42. Ke2 Ra3 43. Ra7 Ne5 44. f4 Ra2+ 45. Kf1 Ng4 46. Rxf7
Nxh2+ 47. Ke1 Nf3+ 48. Kd1 Rxa4 49. Ke2 Nd4+ 50. Ke3 Nc2+ 51. Kf3 Ra3+ 52. Kg4
Ne3+ 53. Kh4 Nf1 54. f5 exf5 55. exf5 Nxg3 56. Kg4 Ne4 0-1